HADES E DEFA / (Record no. 616204)
[ view plain ]
| 000 -LEADER | |
|---|---|
| fixed length control field | 00397nam a22001337a 4500 |
| 020 ## - INTERNATIONAL STANDARD BOOK NUMBER | |
| Qualifying information | PB. |
| 040 ## - CATALOGING SOURCE | |
| Transcribing agency | FIZZA ISHAQ |
| 082 ## - DEWEY DECIMAL CLASSIFICATION NUMBER | |
| Classification number | 297.12 |
| Author Mark | MAJ |
| 100 ## - MAIN ENTRY--PERSONAL NAME | |
| Personal name | KHAN,AKBAR MUHAMMAD GERNAL MAJOR. |
| 9 (RLIN) | 133210 |
| 245 ## - TITLE STATEMENT | |
| Title | HADES E DEFA / |
| Statement of responsibility, etc. | MAJOR GENERAL MUHAMMAD AKBAR KHAN. |
| 260 ## - PUBLICATION, DISTRIBUTION, ETC. | |
| Place of publication, distribution, etc. | GHQ,RAWALPINDI ISLAMABAD PAKISTAN ; |
| Name of publisher, distributor, etc. | SERVICE BOOK CLUB, |
| Date of publication, distribution, etc. | 2010. |
| 300 ## - PHYSICAL DESCRIPTION | |
| Extent | 336 P. ; |
| Dimensions | 8.4X5.2IN |
| 942 ## - ADDED ENTRY ELEMENTS (KOHA) | |
| Source of classification or shelving scheme | |
| Koha item type | Book |
| Withdrawn status | Lost status | Source of classification or shelving scheme | Damaged status | Not for loan | Permanent Location | Current Location | Shelving location | Date acquired | Total Checkouts | Full call number | Barcode | Date last seen | Price effective from | Koha item type |
|---|---|---|---|---|---|---|---|---|---|---|---|---|---|---|
| NUST Baluchistan Campus (NBC) | NUST Baluchistan Campus (NBC) | General Stacks | 02/16/2026 | 297.12 MAJ | QD-297.12 | 02/16/2026 | 02/16/2026 | Book |
